Democracy and deep-rooted conflict : (Record no. 54662)

MARC details
000 -LEADER
campo de control de longitud fija 00835cam a2200253 4500
001 - NÚMERO DE CONTROL
campo de control 8581
005 - FECHA Y HORA DE LA ÚLTIMA TRANSACCIÓN
campo de control 20230410120929.0
008 - DATOS DE LONGITUD FIJA--INFORMACIÓN GENERAL
campo de control de longitud fija 060907n1998 sw eng
020 ## - NÚMERO INTERNACIONAL ESTÁNDAR DEL LIBRO
Número Internacional Estándar del Libro 9189098226
035 ## - NÚMERO DE CONTROL DEL SISTEMA
-- funglode8652
041 ## - CÓDIGO DE IDIOMA
Código de lengua del texto/banda sonora o título independiente eng
050 14 - SIGNATURA TOPOGRÁFICA DE LA BIBLIOTECA DEL CONGRESO
Número de clasificación JC 423
Número de ítem D383 1998
245 00 - MENCIÓN DEL TÍTULO
Título Democracy and deep-rooted conflict :
Resto del título options for negotiators /
Mención de responsabilidad, etc. edited by Peter Harris and Ben Reilly
260 ## - PUBLICACIÓN, DISTRIBUCIÓN, ETC.
Lugar de publicación, distribución, etc. Stockholm, Sweden :
Nombre del editor, distribuidor, etc. International Institute for Democracy and Electoral Assistance,
Fecha de publicación, distribución, etc. 1998
300 ## - DESCRIPCIÓN FÍSICA
Extensión viii, 414 p. :
Otras características físicas ill., maps ;
Dimensiones 25 cm.
440 #0 - MENCIÓN DE SERIE/PUNTO DE ACCESO ADICIONAL--TÍTULO
Título Handbook series,
Número Internacional Normalizado para Publicaciones Seriadas 1402-6759 ;
Designación de volumen o secuencia 3
650 #0 - PUNTO DE ACCESO ADICIONAL DE MATERIA--TÉRMINO DE MATERIA
Término de materia o nombre geográfico como elemento de entrada Democracy.
650 #0 - PUNTO DE ACCESO ADICIONAL DE MATERIA--TÉRMINO DE MATERIA
Término de materia o nombre geográfico como elemento de entrada Ethnic relations.
650 #0 - PUNTO DE ACCESO ADICIONAL DE MATERIA--TÉRMINO DE MATERIA
Término de materia o nombre geográfico como elemento de entrada Conflict management.
650 #0 - PUNTO DE ACCESO ADICIONAL DE MATERIA--TÉRMINO DE MATERIA
Término de materia o nombre geográfico como elemento de entrada Pacific settlement of international disputes.
700 1# - ENTRADA AGREGADA--NOMBRE PERSONAL
Nombre de persona Harris, Peter
700 1# - ENTRADA AGREGADA--NOMBRE PERSONAL
Nombre de persona Reillly, Ben
942 ## - ELEMENTOS DE ENTRADA SECUNDARIOS (KOHA)
Fuente del sistema de clasificación o colocación Clasificación de Library of Congress
Tipo de ítem Koha
Holdings
Estatus retirado Estado de pérdida Fuente del sistema de clasificación o colocación Estado de daño No para préstamo Colección Biblioteca de origen Biblioteca actual Ubicación en estantería Fecha de adquisición Serial enumeration / chronology Signatura topográfica completa Código de barras Visto por última vez Copia número Tipo de ítem Koha
    Clasificación de Library of Congress     Ciencias Sociales Biblioteca Juan Bosch Biblioteca Juan Bosch Ciencias Sociales (3er. Piso) 24/10/2018 1 JC 423 D383 1998 00000017198 24/10/2018 1